<?xml version="1.0" encoding="UTF-8"?>
<marc:record xmlns:marc="http://www.loc.gov/MARC21/slim">
   <marc:leader>00000nam a2200000 a 4500</marc:leader>
   <marc:datafield ind1="1" ind2=" " tag="100">
      <marc:subfield code="a">Joshi, Alka</marc:subfield>
      <marc:subfield code="4">aut</marc:subfield>
      <marc:subfield code="e">Verfasser/-in</marc:subfield>
   </marc:datafield>
   <marc:datafield ind1="0" ind2="0" tag="245">
      <marc:subfield code="a">Die Gabe der Malerin</marc:subfield>
   </marc:datafield>
   <marc:datafield ind1="0" ind2="0" tag="245">
      <marc:subfield code="b">Roman</marc:subfield>
   </marc:datafield>
   <marc:datafield ind1="0" ind2="0" tag="245">
      <marc:subfield code="c">Alka Joshi ; aus dem amerikanischen Englisch übersetzt von Birte Mirbach</marc:subfield>
   </marc:datafield>
   <marc:datafield ind1=" " ind2="1" tag="264">
      <marc:subfield code="a">Hamburg</marc:subfield>
      <marc:subfield code="b">HarperCollins</marc:subfield>
      <marc:subfield code="c">2025</marc:subfield>
   </marc:datafield>
   <marc:datafield ind1=" " ind2=" " tag="250">
      <marc:subfield code="a">Deutsche Erstausgabe</marc:subfield>
   </marc:datafield>
   <marc:datafield ind1="1" ind2=" " tag="520">
      <marc:subfield code="a">Bombay, Indien, 1937: Die berühmte Malerin Mira Novak wird nach einer Fehlgeburt ins Krankenhaus eingeliefert. Krankenschwester Sona übernimmt Miras Pflege und lauscht in den folgenden Tagen den prächtigen Erzählungen der Künstlerin über ihre Reisen und die vielen Liebhaber, die Mira in Europa zurückgelassen hat. Die beiden Frauen freunden sich an. Mira verkörpert für Sona all das, was sie in ihrem eigenen engen Leben nicht besitzt: Unabhängigkeit, Stärke, kreative Freiheit.
Doch kurz darauf verstirbt Mira und hinterlässt Sona einen Brief, verbunden mit einem Auftrag, und vier ihrer liebsten Gemälde. Sona tritt daraufhin eine Reise auf den Spuren ihrer berühmten Freundin an, die sie für immer verändern wird.
</marc:subfield>
   </marc:datafield>
   <marc:datafield ind1=" " ind2=" " tag="020">
      <marc:subfield code="a">9783365011164</marc:subfield>
      <marc:subfield code="9">9783365011164</marc:subfield>
   </marc:datafield>
   <marc:datafield ind1=" " ind2=" " tag="020">
      <marc:subfield code="a">3365011161</marc:subfield>
      <marc:subfield code="9">3365011161</marc:subfield>
   </marc:datafield>
   <marc:datafield ind1=" " ind2=" " tag="041">
      <marc:subfield code="a">ger</marc:subfield>
   </marc:datafield>
   <marc:datafield ind1=" " ind2=" " tag="300">
      <marc:subfield code="a">462 Seiten</marc:subfield>
   </marc:datafield>
</marc:record>
